| 000 | 00388nam a2200145Ia 4500 | ||
|---|---|---|---|
| 008 | 210210b1969 xxu||||| |||| 00| 0 eng d | ||
| 082 | _a574 BUFP | ||
| 100 | _aBUFFALOE (Neal D) and THRONEBERRY (J B). | ||
| 245 | _aPrinciples of biology. Ed.2. | ||
| 250 | _a | ||
| 260 |
_aN D _bPrentice-Hall of India Private Limited _c1969 |
||
| 300 | _axii,402 | ||
| 690 | _aBiology | ||
| 906 | _a028746 | ||
| 999 |
_c79982 _d79982 |
||